000 00759nam a2200229 a 4500
001 000020098
003 AM-YEHGA
005 20250618070817.0
008 980520s1987 ai |||||||||||||||||arm d
040 _aAM-YeHGA
041 0 _aarm
100 1 _aՓափազյան, Վրթանես Մեսրոպի,
_d1866-1920
_91606
245 1 0 _aԵրկեր :
_b[Զրույցներ; Պատմվածքներ; Դրամա] /
_cՎրթ. Փափազյան.
260 _aԵրևան :
_bՍովետական գրող,
_c1987.
300 _a696 էջ ;
_c21 սմ.
440 0 _aՀայ դասականների գրադարան
_95121
504 _aՏողատակի ծանոթագր.
650 1 4 _aՀայ գրականություն
740 0 _aԺայռ
942 _cBK
090 _c7192
999 _c7136
_d7136